| 000 | 01283cam a22003617a 4500 | ||
|---|---|---|---|
| 003 | CHAP | ||
| 005 | 20230620085132.0 | ||
| 008 | 971010c1982 mx r 00010 spa d | ||
| 010 | _a65711 | ||
| 011 | _a66683 | ||
| 020 | _a9682411688 | ||
| 035 | _a75359 | ||
| 040 | _cCHAP | ||
| 082 |
_a630.71 _bS2 |
||
| 100 | 0 | 0 |
_aSchutter, Antón De. _9103261 |
| 245 | 0 |
_aExtensión y capacitación rurales _c/por Antón De Schutter |
|
| 260 |
_aMéxico, D. F. : _bTrillas, _c1982 |
||
| 300 |
_a121 p. _b: ilus. |
||
| 490 | 0 |
_aManuales para educación agropecuaria . _pExtensión y capacitación _v; 53 |
|
| 590 |
_aBATCH-UPD _b10 _c20130110 _lUCH01 _h1917 |
||
| 590 |
_aBATCH-UPD _b10 _c20130410 _lUCH01 _h1243 |
||
| 590 |
_aBATCH-UPD _b10 _c20130914 _lUCH01 _h1242 |
||
| 590 |
_aCONVERSION _b10 _c20130109 _lUCH01 _h1336 |
||
| 650 | 1 | 4 |
_aEducación agrícola. _935491 |
| 650 | 1 | 4 |
_aExtensión agrícola. _939144 |
| 830 | 0 | 0 |
_aManuales para educación agropecuaria. _pExtensión y capacitación _v; 53 _970687 |
| 901 | _aBK | ||
| 905 | _aAlejandra Carrasco M. | ||
| 942 | _cLIBRO | ||
| 949 |
_a630.71 S2 _bBC _cLIBRO _d33724000897237 _eLIBRO _h103823 _i75359 _si |
||
| 949 |
_a630.71 S2 _bZA _cLIBRO _d-69139 _eLIBRO _fc.2 _h6289 _i75359 _si |
||
| 949 |
_a630.71 S2 _bZA _cLIBRO _d-8300 _eLIBRO _h6288 _i75359 _si |
||
| 999 |
_c65711 _d65711 |
||